000 00473nam a2200181Ia 4500
003 GCL
008 140319s9999 xx 000 0 eng d
040 _aGCL /
_cGCL
082 0 4 _a694.02
_bW R
100 1 _aWILLIAMS, ELZABETH
245 1 0 _aROUGH CARPENTRY ILLUSTRATED /
_cWILLIAMS, ELZABETH
260 _a[S.N] :
_bTAB BOOKS ،
_c1990
300 _a166 P
650 0 4 _aDESIGN - CONSTRUCTION
650 0 4 _aDECORATION
650 0 4 _aWOOD FRAME HOUSES
942 _2ddc
_cBK
999 _c20682
_d20682